000 00529nam a2200181Ia 4500
005 20250317123259.0
008 008 250317s9999 xx 000 0 eng d
037 _aTextbook
040 _aFMSL
_beng
_cFMSL
041 _aeng
_2eng
084 _aB25lobSigma L1
_qFMSL
100 _aYaari M E
_9735445
245 0 _aLinear algebra for social sciences
260 _aNew Jersey
_bNew Jersey, Prentice-Hall
_c1971
300 _a174p
942 _cTB
_hB25lobSigma L1
999 _c1250631
_d1250631